000 00668nam a2200289Ia 4500
005 20260324140658.0
008 008 260324s9999 xx 000 0 eng d
020 _a9780429305382
037 _aEBOOK
040 _aCRL
040 _beng
040 _cCRL
041 _2eng
041 _aeng
084 _qCRL
100 _aDaniel Brown
_91050437
245 0 _aSchools With Heart
245 0 _bVoluntarism And Public Education
260 _bTaylor and Francis
260 _c1998
365 _a
365 _b145
856 _uhttp://www.taylorfrancis.com/books/9780429305382
942 _cEBOOK
999 _c1807631
_d1807631